000 01090nam a2200337Ia 4500
001 dia_2101
003 CHAP
005 20251028095049.0
008 220117s1971 xx 000 0 und d
010 _a172639
040 _cCHAP
082 _a636.3074 N67 1971
100 _aNordby, Julius E.
_9142776
245 _aSelección, preparación y exposición de ovinos /
_c Julius E. Nordby y Herbert E. Latting ; traducción Raúl Rameya
260 _aArgentina :
_b Centro Regional de Ayuda Técnica :,
_b Albatros,
_c1971
300 _a131 p.
500 _aTítulo original: Selecting, fitting, and showing sheep
590 _aSF375 N67 1971
650 _aCarneros
_9152236
650 0 _aCorderos
_9142611
650 _aEwes
_9152237
650 _aLambs
_9152238
650 _aOvejas
_9137237
650 _aRams
_9152239
700 _aLattig, Herbert Elmer, coaut.
_9152245
700 _aRameya, Raúl, tr.
_9152246
901 _a636.3074 N67 1971
902 _aM
905 _a5232271971 ag d 8222223322SPA16
942 _cLIBRO
_2ddc
999 _c172639
_d172639